000 00434nam a2200181Ia 4500
001 8716
005 20260306160630.0
008 260306t2017||||xx |||||||||||||| ||spa||
041 _aESP
082 _a371.3
_bJ55
100 _aJiménez Vivas, Amparo
_eAUT
245 0 _aCompetencias educativas e innovación
260 _c2017
300 _a393 páginas :
_c21 cm.
650 _aGEN
654 _aCED
942 _cLIB
_dJUS
_fJUS
_2ddc
_n
999 _c8716
_d8716